Lighting for football /

Saved in:
Bibliographic Details
Corporate Author: International Commission on Illumination
Format: Book
Language:English
Published: Paris : Bureau central de la CIE, 1983.
Series:Publication CIE ; no. 57
Subjects:
LEADER 00989nam a2200265 a 4500
001 c000005824
003 CARM
005 00000000000000.0
008 860306s1983 fr a i00000 eng d
019 1 |a 3879300  |5 LACONCORD2021 
020 |a 9637251057 
035 |a (OCoLC)14628267  |5 LACONCORD2021 
040 |a VU  |c VU 
082 1 |a 796.069/2  |2 19 
245 0 0 |a Lighting for football /  |c International Commission on Illumination. 
260 |a Paris :  |b Bureau central de la CIE,  |c 1983. 
300 |a v, 9 p. :  |b ill. ;  |c 29 cm. 
440 0 |a Publication CIE ;  |v no. 57 
500 |a Summary in English, French and German. 
650 0 |a Sports facilities  |x Lighting. 
650 0 |a Exterior lighting. 
710 2 0 |a International Commission on Illumination. 
852 8 |b CARM  |h A3:AB19D4  |i D00906  |p 0047956  |f BK 
999 f f |i 8206c4fb-cd92-5dc0-96ba-2144a9ecec86  |s 8e17cb53-8fb8-54f9-ab2f-99e46f9a6826 
952 f f |p Can circulate  |a CAVAL  |b CAVAL  |c CAVAL  |d CARM 1 Store  |e D00906  |f A3:AB19D4  |h Other scheme  |i book  |m 0047956